| 000 | 00845nam a22002415i 4500 | ||
|---|---|---|---|
| 001 | 175071 | ||
| 003 | ES-MaACL | ||
| 005 | 20250815113047.0 | ||
| 008 | 101004s1948 sp |||| | spa d | ||
| 080 | _a547 | ||
| 080 | _a543.6 | ||
| 100 | 1 |
_aBarceló Matutano, José. _925521 |
|
| 245 | 1 | 4 |
_aLos reactivos orgánicos en análisis inorgánico _b: II / _cpor José Barceló. |
| 260 |
_a[Madrid] : _bInstituto "Alonso Barba" de Química, _c1948. |
||
| 300 |
_aIX, 120 p. ; _c26 cm. |
||
| 490 | 1 |
_aMonografías de ciencia moderna ; _v16 |
|
| 650 | 7 |
_aQuímica orgánica _2embne _9136799 |
|
| 650 | 0 | 7 |
_aQuímica analítica _2embne _916630 |
| 710 | 2 |
_aInstituto Alonso Barba de Química. _94791 |
|
| 830 | 0 |
_aMonografías de ciencia moderna _v16 _9189470 |
|
| 852 |
_aES-MaACL _jE-13282 _xOlim P-555 bis |
||
| 999 |
_c175071 _d175071 |
||